Odraz oživení ve skle i porcelánu

Ústup recesie sklárskeho a keramického priemyslu v Európe i vo svete. Oživenie trhu skla, keramiky a porcelánu v ČR. Situácia na domácom trhu, vývoz českého porcelánu, uplatnenie ČR na zahraničných trhoch. Podiel ČR na svetovom vývoze skla. Ročný objem výroby skla v EÚ. Porovnanie sklárskej výroby v...

Descrizione completa

Salvato in:
Dettagli Bibliografici
Autore principale: Ziková, L.
Natura: Capitolo di libro
Lingua:ceco
Soggetti:
Tags: Aggiungi Tag
Nessun Tag, puoi essere il primo ad aggiungerne!!

MARC

LEADER 00000naa a2200000 4500
001 r019341
005 20221205102834.4
041 0 |a cze 
044 |a CZ 
245 1 0 |a Odraz oživení ve skle i porcelánu  |c L. Ziková 
520 |a Ústup recesie sklárskeho a keramického priemyslu v Európe i vo svete. Oživenie trhu skla, keramiky a porcelánu v ČR. Situácia na domácom trhu, vývoz českého porcelánu, uplatnenie ČR na zahraničných trhoch. Podiel ČR na svetovom vývoze skla. Ročný objem výroby skla v EÚ. Porovnanie sklárskej výroby v EÚ a ČR. Prognózy produkcie a predaja sklárskych výrobkov do r.2000 v ČR. 
610 2 0 |a priemysel sklársky 
610 2 0 |a sklo 
610 2 0 |a priemysel keramický 
610 2 0 |a keramika 
610 2 0 |a porcelán 
610 2 0 |a dopyt domáci 
610 2 0 |a výroba ručná 
610 2 0 |a trh vnútorný 
610 2 0 |a trh zahraničný 
610 2 0 |a objem výroby 
610 2 0 |a prognózy 
610 2 0 |a Európa 
610 2 0 |a Európska únia 
610 2 0 |a Česko 
610 2 0 |a 1990-1995 
610 2 0 |a 2000 
100 1 |a Ziková, L.